[Event "POL-ch 60th"]
[Site "Warsaw"]
[Date "2003.05.04"]
[Round "13"]
[White "Murdzia, Piotr"]
[Black "Jakubowski, Krzysztof"]
[Result "0-1"]
[WhiteElo "2452"]
[BlackElo "2483"]
[Annotator "Ftacnik,L"]
[PlyCount "66"]
[EventDate "2003.04.22"]
[EventType "tourn"]
[EventRounds "13"]
[EventCountry "POL"]
[EventCategory "12"]
[SourceTitle "CBM 095"]
[Source "ChessBase"]
[SourceDate "2003.07.25"]
[SourceVersion "1"]
[SourceVersionDate "2003.07.25"]
[SourceQuality "1"]

1. e4 c5 2. Nf3 d6 3. d4 cxd4 4. Nxd4 Nf6 5. Nc3 a6 6. Be2 e6 7. O-O Be7 8. f4
Nc6 9. Be3 Bd7 10. Kh1 b5 11. a3 O-O 12. Qe1 Rc8 13. Qg3 Na5 14. e5 Ne8 15. Ne4
Nc4 16. Bxc4 Rxc4 17. Rad1 Qa8 $5 {[%mdl 4] Jakubowski has a vision of using
his queen to exercise pressure along the vital a8-h1 diagonal.} 18. exd6 (18.
Nd2 Rc7 19. N2f3 Bc8 $1 20. c3 Bb7 21. f5 dxe5 22. Nxe5 Bd6 $15) 18... Bxd6 (
18... Nxd6 $6 19. Nxd6 Bxd6 20. Nf5 $1 exf5 21. Rxd6 Bc6 22. Bd4 f6 23. c3 $16)
19. Ng5 $6 {White believes in getting somewhere on the kingside, but black
position is very solid.} (19. Nf5 exf5 (19... Qxe4 20. Nxd6 Nxd6 21. Rxd6 Bc6
22. c3 f6 23. Bd4 Bd5 24. Re1 Qf5 25. Rxa6 $16) 20. Nxd6 Rxc2 21. Rf2 (21. Bd4
Rxg2 $1 22. Qxg2 Bc6 $19) 21... Rxf2 22. Bxf2 Be6 (22... Nxd6 23. Rxd6 Qc8 24.
h3 Be6 $15) 23. Bd4 (23. Nxe8 Rxe8 24. Bd4 g6 25. Qh4 Qd8 $15) 23... f6 $15)
19... Bc8 $1 20. c3 Bb7 21. Qh3 h6 22. Ngf3 Rc7 23. f5 (23. Ne5 Bd5 24. Ng4 h5
25. Ne5 Nf6 $11) 23... e5 24. Ne2 Bc5 25. Bc1 $6 {White can not afford to play
so passively, his position is laready very dubious.} (25. Bxc5 Rxc5 26. Nc1
Bxf3 27. Rxf3 Nf6 $15) 25... Nf6 26. b4 (26. Nxe5 Re8 27. Bf4 Rce7 $17) 26...
Be7 $1 (26... Ba7 $2 27. Bxh6 $1 gxh6 28. Qxh6 Rc6 29. Qg5+ Kh7 30. Qh4+ Kg7
31. Nxe5 $16) 27. Nxe5 Re8 28. Nf4 (28. Bf4 Nd5 29. Ng4 Rc4 30. Qg3 Nxf4 31.
Nxf4 Bg5 32. Rd4 Qc8 $17) 28... Ne4 29. c4 $2 {After this mistake black pieces
will break into perfect squares and the game will be jsut over.} (29. Ne2 Bg5
30. Nf3 (30. Nd3 Nxc3 31. Nxc3 Rxc3 $19) 30... Nxc3 31. Nxc3 Rxc3 32. Bxg5 hxg5
33. Qg4 Bxf3 34. Rxf3 Rxf3 35. Qxf3 Qxf3 36. gxf3 Re3 37. Kg2 Rxa3 38. Rd4 Kf8
$17) 29... Bg5 $1 (29... bxc4 30. Nh5 Bg5 31. Ng4 $132) 30. Nf3 (30. Ng4 Rxc4
31. Ne3 Rc3 32. Ne2 Rxe3 33. Bxe3 Bxe3 34. Qxe3 Ng5 $19) 30... Rxc4 31. Nxg5 (
31. Nd3 Bf6 $17) 31... hxg5 32. Ne2 (32. Nd3 Nf6 $1 33. Ne1 (33. Rfe1 Rh4 34.
Rxe8+ Qxe8 35. Qe3 Rxh2+ $19) 33... Rh4 34. Qd3 Ng4 35. h3 Qb8 36. Qd6 Nf2+ 37.
Rxf2 Qxd6 38. Rxd6 Rxh3+ 39. Kg1 Rxe1+ 40. Rf1 Rxf1+ 41. Kxf1 Rh1+ 42. Ke2 Rxc1
$19) 32... Rc2 33. Rde1 (33. Nd4 Nf2+ $19) 33... Nc3 {The dream about the long
diagonal was truly fullfiled...} (33... Nc3 34. Nxc3 Bxg2+ $19) 0-1

[Event "EU-ch 3rd"]
[Site "Batumi"]
[Date "2002.06.23"]
[Round "11"]
[White "Arutinian, David"]
[Black "Kempinski, Robert"]
[Result "1/2-1/2"]
[WhiteElo "2427"]
[BlackElo "2570"]
[Annotator "Ftacnik,L"]
[PlyCount "38"]
[EventDate "2002.06.12"]
[EventType "swiss"]
[EventRounds "13"]
[EventCountry "GEO"]
[SourceTitle "CBM 090"]
[Source "ChessBase"]
[SourceDate "2002.09.20"]
[SourceVersion "1"]
[SourceVersionDate "2002.09.20"]
[SourceQuality "1"]

1. e4 c5 2. Nf3 d6 3. d4 cxd4 4. Nxd4 Nf6 5. Nc3 a6 6. Be2 e6 7. O-O Be7 8. f4
Qc7 9. Be3 O-O 10. g4 Re8 11. f5 Bf8 12. g5 Nfd7 13. Nxe6 $1 fxe6 14. Bh5 g6 (
14... Qd8 15. fxe6 g6 (15... Ne5 16. Bf7+ Kh8 17. Bxe8 Qxe8 18. Nd5 $18) 16.
exd7 Bxd7 17. Bg4 Bxg4 18. Qxg4 Bg7 19. Nd5 Nc6 20. c3 Qc8 21. Qh4 Ne5 22. Nb6
Qg4+ 23. Qxg4 Nxg4 24. Nxa8 Nxe3 25. Rf3 Nc4 26. Nc7 {1-0 Sharma,D-Dipanjan,D/
Calcutta 1999/ (34)}) 15. fxg6 Re7 16. Nd5 Qd8 {The first independent move in
the game, black is lost due to the huge white lead in the development.} (16...
exd5 17. Qxd5+ Kh8 18. gxh7 Rxh7 19. Bg6 Bg7 20. Bxh7 Qd8 21. Bf5 Ne5 22. Qd1
Bxf5 23. exf5 Qe8 24. g6 Ng4 25. Bd4 Qe4 26. f6 Nc6 27. fxg7+ Kg8 28. Rf8+ Rxf8
29. gxf8=Q+ Kxf8 30. Qf1+ {1-0 Shirov,A-Polgar,J/Tilburg 1996/ (30)}) 17. Nxe7+
Bxe7 18. gxh7+ Kh8 (18... Kxh7 19. Bf7 Kg7 20. Qh5 $18) 19. g6 Ne5 (19... Ne5
20. Qd2 b5 21. Rad1 Bb7 22. Bd4 Nbc6 23. Bc3 $18) 1/2-1/2

[Event "MK Cafe Cup-A"]
[Site "Koszalin"]
[Date "1999.08.11"]
[Round "8"]
[White "Nataf, Igor Alexandre"]
[Black "Ftacnik, Lubomir"]
[Result "1/2-1/2"]
[WhiteElo "2504"]
[BlackElo "2589"]
[Annotator "Ftacnik,L"]
[PlyCount "73"]
[EventDate "1999.08.03"]
[EventType "swiss"]
[EventRounds "9"]
[EventCountry "POL"]
[SourceTitle "CBM 073"]
[Source "ChessBase"]
[SourceDate "1999.12.01"]
[SourceVersion "1"]
[SourceVersionDate "1999.12.01"]
[SourceQuality "1"]

1. e4 c5 2. Nf3 d6 3. d4 cxd4 4. Nxd4 Nf6 5. Nc3 a6 6. Be2 Nc6 7. O-O e6 8. a4
Be7 9. Be3 Qc7 10. f4 O-O 11. Kh1 Re8 12. Bf3 Bf8 13. Nb3 b6 14. e5 dxe5 15.
fxe5 Nd7 16. Bxc6 Qxc6 17. Nd4 Qb7 18. Qh5 (18. Rxf7 Kxf7 19. Qh5+ Kg8 20. Qxe8
Nxe5 21. Rf1 (21. Qh5 Nc4 22. Qe2 b5 23. Rf1 Bd7 24. Bc1 Re8 {1/2-1/2
Neelotpal,D-Kalod,R/Calicut/1998/ (31)}) 21... Qxg2+ 22. Kxg2 Bb7+ 23. Qc6 Nxc6
24. Nxc6 Bxc6+ 25. Kh3 Bd6 {0-1 Podgorski,S-Vasiesiu,D/Bucharest/1998/ (29)})
18... g6 19. Qh4 Nxe5 20. Ne4 Bg7 $6 {This novelty inherits a deep idea of
exchange sacrifice, but white could have played better and get a clear
advantage.} (20... Be7 21. Qf4 (21. Ng5 Bxg5 22. Bxg5 f5 23. Rae1 Nf7 24. Bf6
Bd7 25. Re3 Bc6 {1/2-1/2 Almasi,Z-Ribli,Z/HUN 1999 (25)}) 21... f5 22. Qxe5
Qxe4 23. Qxe4 fxe4 24. Nc6 Bc5 25. Bxc5 bxc5 26. Ne5 (26. Rad1 e5 {1/2-1/2 Acs,
P-Ribli,Z/HUN 1999 (26)}) 26... Rd8 27. Kg1 Bb7 28. Nc4 a5 {1/2-1/2 Dolmatov,
S-Shipov,S/St. Petersburg/1998/ (28)}) 21. Bg5 $6 (21. Nd6 Qe7 22. Qxe7 (22.
Qe4 Qxd6 23. Qxa8 Ng4 $19) 22... Rxe7 $17) (21. Nf6+ Bxf6 22. Rxf6 Nc4 23. Bh6
Nd6 $15) (21. Bh6 $1 Qe7 (21... Ng4 22. Nd6 Qe7 23. Rxf7 $1 Qxh4 24. Rxg7+ Kf8
25. Rf1+ Nf2+ 26. Rxf2+ Qxf2 27. Rf7+ Kg8 28. Rxf2 $18) 22. Bg5 Qc7 (22... Qf8
23. Bf6 Nd7 24. Bxg7 Qxg7 25. Nd6 Rf8 26. Nxf7 $1 Rxf7 27. Nxe6 g5 28. Qe4 $18)
23. Bf6 $1 $16) 21... f5 22. Nd6 (22. Nf6+ Bxf6 23. Bxf6 Ng4 $17) 22... Qd5 $1
(22... Qd7 23. Nxe8 Qxe8 24. Rad1 $14) 23. Nxe8 Bb7 24. Qg3 (24. Nf3 Rxe8 25.
Bf6 Nxf3 26. gxf3 (26. Rxf3 $2 Qd2 $17) 26... e5 $1 27. Bxg7 Kxg7 $15) 24...
Rxe8 {Black has achieved excellent piece coordination and also his pawn
structure on the kingside looks annoying for white.} 25. Rad1 Qc5 (25... Nf7 $6
26. Nxf5 $1 (26. Be3 f4 27. Rxf4 e5 28. Rxf7 Qxf7 $15) 26... Qxg2+ 27. Qxg2
Bxg2+ 28. Kxg2 exf5 29. Bc1 $16) 26. h3 (26. c3 Be4 $5) (26. Be3 Qc8 (26... Ng4
$2 27. Nxf5 Nxe3 28. Nxe3 Bxb2 29. Rd7 $16) 27. Bg1 Nd7 $11) 26... Nf7 27. Be3
Qc8 (27... Bxd4 $5 28. Rxd4 (28. Bxd4 Qxc2 29. Bxb6 Qxa4 $15) 28... Qxc2 29.
Rb4 e5 30. Rc1 Qd3 31. Rxb6 Nd6 $13) 28. Nf3 (28. Qf2 Nd6 $15) 28... e5 29. Ng5
$5 {[%mdl 256] Nataf comes with a very spirited defense an liquidates
dangerous black knight.} (29. Bxb6 Qxc2 30. a5 Qxb2 $15) 29... Nxg5 (29... f4
30. Bxf4 exf4 31. Qb3 $1 Qf5 (31... Rf8 $2 32. Nxf7 Rxf7 33. Rxf4 $18) 32. Nxf7
Qxf7 33. Qxf7+ Kxf7 34. Rd7+ Re7 35. Rxf4+ Ke6 36. Rxe7+ Kxe7 37. Rb4 Kd6 38.
Rxb6+ Kc7 $11) 30. Bxg5 (30. Qxg5 Qxc2 31. Bxb6 Bh6 $1 32. Qg3 Bf4 33. Qf2 Qxa4
$17) 30... Qxc2 31. Rd7 f4 (31... Bc6 32. Rc1 Qxa4 33. Rc7 Bd5 34. Ra7 $132)
32. Qf2 (32. Qg4 Bc6 $1 (32... Bc8 33. Qd1) 33. Re7 Rxe7 34. Bxe7 h5 $19) 32...
Qxf2 $6 (32... Qc8 $5 33. Qd2 (33. Rfd1 Bc6 34. Rd8 (34. R7d3 Qf5 35. Bh4 g5
36. Qc2 Be4 37. Qb3+ Kh8 38. Rd8 Rf8 39. Be1 Bc2 $19) 34... Qxh3+ 35. Kg1 Qg4
$19) 33... Bc6 34. Rd6 Qxh3+ 35. Kg1 Qh5 36. Rxc6 Qxg5 37. Qd5+ Kh8 38. Rxb6
$15) 33. Rxf2 Bc6 34. Rd6 Bxa4 35. Rxb6 Bb5 36. Rc2 $1 (36. Bf6 Bh6 37. Rd2 e4
38. Rd8 Rxd8 39. Bxd8 e3 $15) (36. Rd2 $2 e4 37. Rd8 Rxd8 38. Bxd8 Bxb2 $19)
36... h6 37. Rc7 $1 (37. Bf6 Bxf6 38. Rxf6 Kg7 39. Rd6 Re7 $15) (37. Rc7 $1 Bd3
(37... hxg5 $2 38. Rxg6 $16) 38. Bf6 Bf8 39. Rbb7 g5 40. Bg7 e4 41. Bxf8 Kxf8
42. Rh7 Kg8 $11) 1/2-1/2

[Event "EU-ch 8th"]
[Site "Dresden"]
[Date "2007.04.14"]
[Round "11"]
[White "Jakovenko, Dmitrij"]
[Black "Volokitin, Andrei"]
[Result "1-0"]
[WhiteElo "2708"]
[BlackElo "2654"]
[Annotator "Ftacnik,L"]
[PlyCount "69"]
[EventDate "2007.04.03"]
[EventType "swiss"]
[EventRounds "11"]
[EventCountry "GER"]
[SourceTitle "CBM 118"]
[Source "ChessBase"]
[SourceDate "2007.05.31"]
[SourceVersion "1"]
[SourceVersionDate "2007.05.31"]
[SourceQuality "1"]

{[%mdl 2]} 1. e4 c5 2. Nf3 d6 3. d4 cxd4 4. Nxd4 Nf6 5. Nc3 a6 6. Be2 e6 7. a4
Nc6 8. Be3 Be7 9. O-O O-O 10. f4 Qc7 11. Kh1 Re8 12. Bd3 Nb4 13. a5 Bd7 14. Qe1
Rac8 15. Qg3 Nh5 16. Qf3 {In this variation of the Scheveningen system in the
Sicilian defense the defender simply has to restrain his opponent's
aggressivity. On the other hand all Volokitin's pieces are already in the game
and his position lacks palpable weaknesses.} Nf6 17. g4 e5 18. Nf5 exf4 $2 {
Volokitin was in great form in Dresden. Unfortunately for him in the last
round he met the task, that is not his preferred one - defence. The tactical
mistake will unleash the tactical fireworks, that Black does not stand a
chance surviving.} (18... Bxf5 $1 19. gxf5 (19. exf5 Qc6 20. h3 e4 21. Nxe4
Nxe4 22. Bxe4 d5 23. Bd3 Bf6 $15) 19... Nd7 20. Rg1 Bf6 $11) 19. Bb6 $1 Qc6 (
19... Qb8 20. g5 Bxf5 21. gxf6 Nxd3 22. cxd3 Bxf6 23. exf5 $18) 20. g5 (20.
Nxe7+ Rxe7 21. g5 Nxe4 (21... Ne8 22. Nd5 Nxd5 23. exd5 Qxd5 24. Qxd5 Bc6 25.
Qxc6 Rxc6 26. Rxf4 $18) 22. Bxe4 d5 23. Bxd5 Nxd5 24. Nxd5 Re5 25. Rad1 $16)
20... Nxe4 (20... Bxf5 21. gxf6 Nxd3 22. cxd3 Bxf6 23. exf5 Qxf3+ 24. Rxf3 Bxc3
25. bxc3 Rxc3 26. Rd1 $16) 21. Bxe4 d5 (21... Qc4 22. Rad1 Qe6 23. Qg2 Rc4 24.
Rde1 $18) 22. Nxd5 Bxg5 (22... Bxf5 23. Nxe7+ Rxe7 24. Bxc6 Nxc6 25. Qxf4 $18)
23. Nc3 $1 {[%mdl 2048] Jakovenko correctly sensed, that the white pieces
enjoy excellent coordination. After the retreat of the knight the opponent had
no chance to find real compensation for the sacrificed piece.} (23. Nxb4 Qxe4
24. Qxe4 Rxe4 25. Nd4 (25. Nd6 Rxb4 26. Nxc8 Bxc8 $17) 25... Bh3 26. Rg1 $16)
23... Rxe4 (23... Qg6 24. Ne7+ Rxe7 25. Bxg6 hxg6 26. Kg1 $18) (23... Qc4 24.
Nd6 $18) 24. Nxe4 Qg6 (24... Bxf5 25. Nxg5 Qxf3+ 26. Rxf3 Bxc2 27. Rxf4 $18)
25. Nxg5 Qxg5 (25... Qxf5 26. Qxf4 Qxf4 27. Rxf4 $18) 26. Nd4 Nxc2 27. Rac1 $1
{This witty move had been planned well ahead. As long as Jakovenko manages to
avert the catastrophe on the a8-h1 diagonal, his position will be easily
winning.} Ne3 (27... Nxd4 28. Rxc8+ Bxc8 29. Bxd4 Be6 (29... Qxa5 30. Rg1 g6
31. Qxf4 Qd5+ 32. Rg2 $18) 30. Rg1 Bd5 31. Rxg5 Bxf3+ 32. Kg1 $18) (27... Rc6
28. Nxc2 $1 Rxb6 29. axb6 Bc6 30. Qxc6 bxc6 31. Rfd1 Qe7 32. b7 Qe8 33. Rd7 h6
34. Rcd1 $18) (27... h6 28. Qxf4 Qd5+ 29. Kg1 $18) 28. Rxc8+ Bxc8 29. Rg1 (29.
Rc1 Bg4 30. Qxb7 h6 31. Rg1 $18) 29... Qh4 (29... Qe5 30. Rc1 Bd7 31. Qxb7 $18)
30. Qe4 $1 {At long last the moment has come for White to show aggressive
ambitions. This highly important game is already decided.} Bd7 (30... h6 31.
Qe8+ Kh7 32. Qxc8 $18) 31. Qe5 g6 (31... f6 32. Qe7 $18) 32. Qb8+ Kg7 33. Bc5
Kh6 (33... g5 34. Be7 $18) 34. Qf8+ Kh5 35. Qxf7 1-0

[Event "USA-CHN Summit 2nd"]
[Site "Shanghai"]
[Date "2002.07.11"]
[Round "1"]
[White "Wang, Pin"]
[Black "Shahade, Jennifer"]
[Result "1-0"]
[WhiteElo "2475"]
[BlackElo "2341"]
[Annotator "Ftacnik,L"]
[PlyCount "121"]
[EventDate "2002.07.11"]
[EventType "team"]
[EventRounds "4"]
[EventCountry "CHN"]
[SourceTitle "CBM 091"]
[Source "ChessBase"]
[SourceDate "2002.11.12"]
[SourceVersion "1"]
[SourceVersionDate "2002.11.12"]
[SourceQuality "1"]

1. e4 c5 2. Nf3 d6 3. d4 Nf6 4. Nc3 cxd4 5. Nxd4 a6 6. Be3 e6 7. Be2 Be7 8. O-O
O-O 9. f4 Nc6 10. Kh1 Qc7 11. Qe1 Nxd4 12. Bxd4 b5 13. a3 Bb7 14. Qg3 Bc6 15.
Rae1 Qb7 16. Bd3 Rad8 17. Qh3 g6 18. f5 e5 19. Be3 Nh5 20. Bh6 (20. Be2 Nf4 21.
Bxf4 exf4 22. Rxf4 Bf6 (22... Bg5 23. Rg4 Qe7 24. Rf1 Bf6 25. Bd3 {1-0 Bologan,
V-Akopian,V/Chalkidiki 1992/ (57)}) 23. Ref1 Qe7 24. Qf3 g5 25. Rg4 Rfe8 26.
Qh3 Kh8 27. Bd3 Bxc3 28. f6 Qe5 {0-1 Vuckovic,B-Satyapragyan,S/Calicut 1998/ 
(38)}) 20... Rfe8 21. Qf3 Bf6 {Black's defensive strategy is based here on the
compensation for the pawn along the dark squares after the timely Nf4 jump.} (
21... Nf4 22. Bxf4 exf4 23. Qxf4 g5 24. Qd2 Bf6 25. Rf3 Qe7 $14) (21... Nf6 22.
Bg5 Rf8 23. Qh3 $16) 22. Nd5 Bxd5 23. exd5 Kh8 (23... e4 24. Rxe4 Bxb2 25.
Rxe8+ Rxe8 26. c4 bxc4 27. fxg6 hxg6 28. Bxc4 $14) 24. Be4 Rg8 25. c3 Qe7 $6 (
25... Rde8 26. g4 Nf4 27. Bxf4 exf4 28. Qxf4 Be5 $16) 26. g4 Nf4 (26... Ng7 27.
fxg6 Bg5 28. Qxf7 Qxf7 29. gxf7 $18) 27. Bxf4 exf4 28. fxg6 fxg6 (28... hxg6
29. Qxf4 (29. Bxg6 Be5 30. Qh3+ Kg7 31. Be4 $16) 29... Bg5 30. Bd3 Bxf4 (30...
Qxe1 31. Qxg5 $18) 31. Rxe7 g5 32. Rxf7 $18) 29. Bxg6 $1 {Losing g6 pawn is
painful for black, since kingside will become very vulnerable.} Be5 30. Bf5 Qh4
31. Re2 Rg5 32. Be6 Rf8 33. Rg2 Rg7 (33... a5 34. Qd3 (34. Rg3 Qxh2+ 35. Kxh2
fxg3+ 36. Kg2 Rxf3 37. Rxf3 $14) 34... b4 35. axb4 axb4 36. cxb4 $16) 34. Rg3
$6 Qe7 $2 (34... Qxh2+ $3 {Shahade is missing a great shot 34...Qxh2!! that
would give her excellent chances to hold the game.} 35. Kxh2 fxg3+ 36. Kg2 Rxf3
37. Rxf3 Ra7 38. Rf8+ Kg7 39. Rg8+ Kh6 40. Bf5 $14) 35. Rh3 Rg5 36. Bf5 Rg7 37.
Re1 Qf6 38. Rh5 Rff7 39. Qh3 Qe7 40. Rh6 (40. Be6 Rf8 41. Qf3 Rg5 42. Rh3 $16)
40... Qb7 41. Qf3 Re7 42. Rg1 Ref7 43. Be4 Qe7 44. Re6 Qf8 (44... Qd8 45. g5
Rxg5 46. Rxg5 Qxg5 47. Re8+ Kg7 48. Qh3 h5 49. Qc8 Qf6 50. Rh8 Rf8 51. Qc7+ Rf7
52. Rh7+ Kg8 53. Qc8+ Rf8 54. Qh3 Rf7 55. Rxh5 $18) 45. g5 Re7 46. Rxe7 Qxe7
47. h4 Rg8 (47... Qc7 48. Rf1 Qc4 49. Rf2 $16) 48. Bf5 Qf8 49. Be6 Rg7 50. Rg4
(50. h5 Qd8 51. Qg4 h6 52. g6 $16) 50... Qe7 51. Qe4 Qf8 52. Qf3 (52. Kg2 h5
53. gxh6 Rxg4+ 54. Bxg4 Qxh6 $16) 52... Qe7 53. Kg2 Qe8 54. Kh3 Qg6 (54... Qh5
$2 55. Rxf4 $18) 55. Rg2 Qb1 56. Kh2 Qe1 57. Rf2 h6 $2 {Tired of defending
black is opening up the position aginst her own king.} (57... Rc7 58. Kg2 $16)
58. Kg2 hxg5 (58... a5 59. Bf5 Qe3 60. g6 $16) 59. Qh5+ Rh7 60. Qe8+ Kg7 61.
Qg8+ (61. Qg8+ Kf6 62. Qxg5#) 1-0

[Event "Prague Sachinfo"]
[Site "Prague"]
[Date "1999.06.02"]
[Round "3"]
[White "Rogers, Ian"]
[Black "Ftacnik, Lubomir"]
[Result "1/2-1/2"]
[WhiteElo "2618"]
[BlackElo "2585"]
[Annotator "Ftacnik,L"]
[PlyCount "85"]
[EventDate "1999.05.??"]
[EventType "tourn"]
[EventRounds "6"]
[EventCountry "CZE"]
[EventCategory "15"]
[SourceTitle "CBM 072"]
[Source "ChessBase"]
[SourceDate "1999.10.01"]
[SourceVersion "1"]
[SourceVersionDate "1999.10.01"]
[SourceQuality "1"]

1. e4 c5 2. Nf3 d6 3. d4 cxd4 4. Nxd4 Nf6 5. Nc3 a6 6. Be2 Nc6 7. Be3 e6 8. O-O
Be7 9. f4 O-O 10. Qe1 Nxd4 11. Bxd4 b5 12. a3 Bb7 13. Qg3 g6 14. Bf3 d5 $6 {
The new and not the best idea in a famous position. Black has proven many
times that his chances are quite equal after the tricky 14...a5!} (14... a5 $1
15. Rad1 (15. e5 dxe5 16. Bxe5 b4 (16... Qb6+ 17. Kh1 Rac8 18. Qg5 Bxf3 19.
Rxf3 b4 20. axb4 axb4 21. Na4 Qd8 $15 {1-0 Hatanbaatar,B-Orsag,M/Decin op 1995
(52)}) 17. axb4 axb4 18. Na4 Ne4 19. Qe1 f5 20. Kh1 Qd7 21. b3 Rfd8 22. Rd1 Qc6
{0-1 Padevsky,N-Jansa,V/Vrnjacka Banja 1978/ (43)}) (15. Nxb5 Nxe4 16. Qe1 f5 (
16... d5 17. Bxe4 (17. c4 Bf6 18. Rd1 Bxd4+ 19. Rxd4 Qb6 20. Bxe4 dxe4 21. Qe3
Rac8 22. Kf2 a4 23. Rfd1 Ba8 24. R1d2 e5 25. fxe5 Qe6 26. Nd6 {0-1 Balinov,
I-Babula,V/Olomouc 1997/ (50)}) 17... dxe4 18. Qe3 Qd7 19. a4 Qc6 20. Rac1 Rfd8
21. b3 Rd7 22. Kh1 Ba6 23. c4 Rad8 $15 {0-1 Pira,D-Sahovic,D/Montpellier 1988 
(32)}) 17. Nc3 (17. Rd1 Qc8 18. Qe2 a4 19. c4 Rf7 20. Rc1 Bf8 21. Rfd1 Qe8 22.
Bc3 Nxc3 (22... Qc6 $5) 23. Rxc3 Bxf3 24. Rxf3 d5 {1/2-1/2 Svidler,P-Akopian,V/
Groningen 1996 (30)}) 17... d5 18. Qe3 Rc8 19. Rfd1 Qc7 20. Be2 Bf6 21. g3 Bxd4
22. Rxd4 e5 23. fxe5 Nxc3 24. bxc3 Rfe8 25. Rb1 {1-0 Mokry,K-Morovic Fernandez,
I/Graz/1978/ (51)}) 15... b4 16. e5 (16. axb4 axb4 17. e5 Bxf3 18. Qxf3 bxc3
19. exf6 Bxf6 20. Qxc3 Bxd4+ 21. Qxd4 d5 $15 {0-1 Baches Garcia,G-Jansa,V/
Benasque op 1996 (29)}) 16... Bxf3 17. exf6 (17. Qxf3 Ne8 18. axb4 axb4 19.
exd6 Nxd6 20. Ne4 Nf5 21. Bf6 Qb6+ 22. Kh1 Rfd8 23. Bxe7 Nxe7 24. Qh3 h5 {
0-1 Kobese,W-Wolff,P/Hawaii/1998/ (31)}) 17... Bxf6 18. Bxf6 Qxf6 19. Rxf3 bxc3
20. Rxc3 d5 21. Qg5 Kg7 22. Qxf6+ Kxf6 23. b3 Rfc8 24. Rdd3 Kf5 {1/2-1/2 Byrne,
R-Stean,M/Moscow/1975/ (44)}) 15. e5 Ne4 16. Bxe4 dxe4 17. Qe3 $1 (17. Rad1 Qc7
18. Rf2 Rad8) 17... Qc7 18. Rf2 Rad8 19. Rd1 (19. Bb6 Qc6 20. Re1 Rd7 21. Nxe4
Qxe4 22. Qxe4 Bxe4 23. Rxe4 Rd1+ 24. Rf1 Rd2 $132) 19... f5 (19... Rxd4 20.
Rxd4 Bc5 21. Rfd2 f5 22. Ne2 $16) 20. exf6 Bxf6 21. Bxf6 Rxd1+ 22. Nxd1 Rxf6
23. Qg3 $1 {Excellent move, that prevents the freeing e6-e5 idea and prepares
the dance of white knight to better squares.} (23. Nc3 e5 24. f5 $5 (24. Nxe4
Rxf4 (24... Bxe4 25. Qxe4 exf4 $11) 25. Nf6+ Rxf6 (25... Kh8 26. Ne8 $18) 26.
Rxf6 Qxc2 27. Qf2 $16) 24... gxf5 25. Qg5+ Qg7 26. Rxf5 Rxf5 27. Qxf5 Qh6 (
27... e3 28. g3 Bc6 29. b4 $14) 28. Qxe5 Qc1+ 29. Kf2 Qxc2+ 30. Kg3 Qd3+ 31.
Kh4 Qd8+ $13) 23... Rf8 24. Ne3 Qg7 25. c3 Rd8 26. Qg5 $1 (26. Ng4 Qe7 $13)
26... Rd3 27. Qc5 Qf8 28. Qa7 (28. Qxf8+ Kxf8 29. Re2 Ke7 30. Ng4 Rd1+ 31. Kf2
a5 $11) (28. Qb6 Qe7 29. Re2 $14) 28... Bd5 29. h3 (29. Nxd5 exd5 30. Rf1 Qf6
$14) 29... Qa8 30. Qb6 h5 31. f5 $5 {[%mdl 128] Extremely tempting idea, white
can try to haunt black king with two heavy pieces with no risk.} (31. Nxd5 Qxd5
32. Qxa6 Rd1+ (32... e3 33. Qc8+ Kh7 34. Re2 Rd2 35. Qc7+ Kh6 36. Qb8 Kh7 37.
Qa7+ Kh6 38. Qxe3 $18) 33. Kh2 Qc4 34. Qa8+ Kg7 35. Qa7+ Kg8 36. Qe3 Rd3 $14) (
31. Kh2 Bb3 32. g4 Qd8 33. Qxd8+ Rxd8 $11) 31... gxf5 32. Nxf5 exf5 33. Qg6+ (
33. Rxf5 $5 Bf7 34. Rg5+ (34. Qh6 Qa7+ 35. Kf1 Rd1+ 36. Ke2 Bc4+ 37. Kxd1 Qd7+
38. Qd2 Qxf5 $19) 34... Kh7 (34... Kf8 35. Qc5+ Ke8 36. Re5+ $18) 35. Qf6 Qa7+
36. Kh2 (36. Kf1 Rd1+ 37. Ke2 Re1+ $3 38. Kxe1 Qe3+ 39. Kf1 Bc4#) 36... Qc7+
37. g3 Rd2+ 38. Kh1 Rd1+ 39. Kg2 Rd2+ $11) 33... Kf8 34. Rxf5+ (34. Qxf5+ Ke7
35. Qf6+ Kd7 36. Qg7+ Kd6 37. Rf8 $11) 34... Ke7 35. Qg7+ (35. Re5+ Kd7 36.
Qg7+ Kd6 37. Qe7+ Kc6 38. Qf6+ Kc5 39. Qe7+ Kb6 $17) 35... Kd6 36. Rf8 (36.
Qe5+ Kd7 37. Qg7+ Kd6 $11) 36... Qc6 {The defender is stremely lucky, that his
centralized pieces are so well coordinated. White is unable to make any
progress.} (36... Qb7 $2 37. Rf6+ Kc5 38. Qf8+ Kc4 39. Qb4#) 37. Rd8+ Ke6 (
37... Kc5 38. Qe7+ Kb6 39. Rb8+ $18) 38. Qg8+ Ke5 39. Qg5+ Ke6 40. Qh6+ (40.
Rh8 Qc5+ 41. Kh2 Qc7+ 42. Kg1 Rd1+ 43. Kf2 Qf7+ 44. Kg3 Rf1 $40) 40... Ke5 41.
Qxh5+ Ke6 42. Qh6+ (42. Re8+ $2 Kd7 $19) 42... Ke5 43. Qg5+ 1/2-1/2